Statistieken voor K3 liedjes

Klik hier om de quiz te nemen!

Algemene statistieken

  • Deze quiz is 446 keer genomen
    (336 sinds de laatste reset)
  • De gemiddelde score is 62 van 279

Antwoordstatistieken

AlbumAntwoord% Correct
Oya Lele
80%
10.000 luchtballonnen10.000 luchtballonnen
78%
Alle KleurenAlle Kleuren
74%
MamaseMamase
74%
Tele-romeoTele-Romeo
74%
Verliefd
70%
Oma's aan de top
66%
De 3 biggetjes
63%
Kuma HeKuma He
62%
WatervalWaterval
62%
Ya Ya YippeeYa Ya Yippee
61%
KusjesKusjesdag
59%
Parels
58%
EyoEyo
54%
Loko LeLoko Le
53%
UshuaiaUshuaia
52%
Alice in WonderlandAlice in Wonderland
51%
De politie
51%
VleugelsVleugels
51%
Love CruisePina Colada
48%
Dans van de FaraoDans van de farao
47%
Roller Disco
47%
Leonardo
46%
EngeltjesWaar zijn die Engeltjes
46%
Hallo
44%
Heyah Mama
43%
Hippie Shake
43%
Blub ik ben een vis
42%
De wereld rondLiefdeskapitein
42%
Toveren
42%
Frans liedje
41%
Meiden van de brandweer
41%
VerliefdFeest
40%
Handjes draaien
40%
Dokter dokter
39%
K3 Airlines
39%
Kus van de juf
39%
Trouwen
39%
I love you baby
38%
Je hebt een vriend
37%
Jij bent de bom
37%
Hart verloren
36%
Papapa
34%
Ster
34%
Wat ik wil
34%
Hallo K3
33%
Kusjessoldaten
33%
Mango Mango
33%
Superhero
33%
Als het binnenregent
32%
Oya LeleDe wereld van K3
32%
Niet verjaardagsfeest
32%
Parapluutje
32%
Yippee Yippee
32%
Disco Oma
31%
ParelsYeke Yeke
31%
Drums gaan boem
30%
Lollypopland
30%
Op Elkaar
30%
Filmster
29%
Liefde is overal
29%
Mama's en Papa's
29%
K3 loves you
28%
Love boat baby
28%
Prinses
28%
Alle Chinezen
27%
Beroemd
27%
Naar de Film
27%
Opa
27%
Viva Viool
27%
Ali Baba
26%
Borst vooruit
26%
Eeuwig en Altijd
26%
Fiets
26%
Rokjes
26%
Shakalaka
26%
Je mama ziet je graag
24%
Jodelee
24%
Te laat
24%
Willem-Alexander
24%
Antwoordapparaat
23%
Bubbel
23%
En ik dans
23%
Jurkje
23%
Kitty
23%
Roller DiscoLuka Luna
23%
Niet normaal
23%
Zonnestraaltje
23%
Zou er iemand zijn op Mars
23%
Alles kan in Wonderland
22%
De revolutie
22%
Hakuna Matata
22%
Jij bent mijn Gigi
22%
+K3 kan het
22%
Koning Willem-Alexander
22%
Oh Ja
22%
Straal
22%
Superster
22%
Wij blijven vrienden
22%
DromenAltijd blijven dromen
21%
+Beter als je danst
21%
Bikini vol zand
21%
Fiesta de Amor
21%
Kruisje op de wereldkaart
21%
Leukste van het land
21%
Wanneer zie ik jou terug
21%
Whoppa
21%
Zwaai als je verliefd bent
21%
De Aarde beeft
20%
Dieper dan de zee
20%
Geloof in jezelf
20%
Hey Hallo
20%
Iedereen is anders
20%
Jongens zijn gek
20%
Land van de Regenboog
20%
Onder water
20%
Sms
20%
Telepathie
20%
Visje in het water
20%
Zeg eens Aaa
20%
Als het regent
19%
Een ongelooflijk idee
19%
Eerste kus
19%
Feestje
19%
Play-O
19%
Radio
19%
Sterren
19%
Tjikke boem
19%
Baby Come back
18%
Bibliotheek
18%
Dubbeldekkertrein
18%
Giddy up a gogo
18%
Iedereen K3
18%
Je doet maar wat
18%
Leugentje leugentje
18%
Zoo
18%
Alle baby's
17%
Alleen door jou
17%
Altijd van je dromen
17%
Billy Billy
17%
Blankenberge
17%
Doe de Bloemendans
17%
Eeny Meeny
17%
Eskimo
17%
Honingbeer
17%
Ik wil naar huis
17%
Laat de wind maar waaien
17%
Mr. de president
17%
Op de kermis
17%
Op televisie
17%
Ware liefde
17%
1000 kleine matroosjes
16%
Aliyee
16%
Dat ding dat je doet
16%
Dat ik van je hou
16%
Doe maar
16%
Eya Hoya
16%
Hand in hand
16%
Happy Birthday
16%
Hart van peperkoek
16%
Hippie Happy Holiday
16%
Hollywood
16%
Keileuke zomer
16%
Letter V
16%
Mami Bisou
16%
Miljoen
16%
Nooit meer oorlog
16%
Sprookjesbos
16%
Vliegen als een vogel
16%
Zonder jou
16%
Babouchka
14%
Choco Choco
14%
Cowboys en indianen
14%
Hartenkoning in
14%
Ik kom tot leven
14%
Jupiter
14%
Lawine
14%
Mijn liefje achterna
14%
Piramide van liefde
14%
Rettetet
14%
Smoorverliefd
14%
Sprookjesboek
14%
Torenhoog
14%
1,2 doe met me mee
13%
Baby Boe
13%
Beautiful boy
13%
Bel me Ringeling
13%
Duizend Dromen
13%
Geen tweede keer
13%
Gigaleuke dag
13%
Hiep Hiep hoera
13%
Hou me in je armen
13%
Ik kan niet meer verder zonder jou
13%
Ik wil bamba
13%
Ik wil niet naar huis gaan
13%
Jongen van mijn dromen
13%
K3-pap
13%
Meisjesdag
13%
Ons huis
13%
Puppy Love
13%
Samen feesten
13%
Superformidastisch
13%
Verliefd zijn
13%
Vrij
13%
Bij ons thuis
12%
Chacha Loco
12%
De allermooiste vlinder
12%
Het Steltenlied
12%
Hey Hey
12%
Kinderen baas
12%
Mama kan alles
12%
Meisjes doen de wereld draaien
12%
Onzichtbaar
12%
Ster aan de hemel
12%
Toetje
12%
Vind ik leuk
12%
Vriendschap
12%
Woef
12%
Blijven Staan
11%
De wereld veranderen
11%
Excuseer me
11%
Feestje in de keuken
11%
Heyah Mama 2.0
11%
Iedereen op de dansvloer
11%
Ik schreeuw het van de daken
11%
Jij bent mooi
11%
Om te dromen
11%
On va danser
11%
Raket naar de maan
11%
Sproetjes
11%
Tika tika
11%
Verlegen Vlindertje
11%
Verstoppertje
11%
Wat doe ik met mijn haar
11%
Wat een feest
11%
Zo een liedje
11%
Boembiboem
10%
Ciao amore mio
10%
De tafel van K3
10%
Dit is jouw verjaardag
10%
Er zal liefde zijn
10%
Gordel is er weer
10%
Ik doe wat ik wil
10%
Ik geloof in jou
10%
Kampioen
10%
Liefde is je superkracht
10%
Lila Liedjesland
10%
Mijn held
10%
Mooier dan je denkt
10%
Noodkreet
10%
Parapluutjes
10%
Prinsesje en Superman
10%
Pyjamaparty
10%
Ratatata
10%
Voel je die zon
10%
Vogeltjes
10%
Bambolaya
9%
Do do do you love me
9%
Hier komt de zon
9%
Ik blijf bij jou
9%
Jij en ik
9%
Kusje van jou
9%
Leve de Cowboys
9%
Muziek
9%
Popgroep
9%
Vriend of vriendin sos
9%
Wat ik wensen zou
9%
Wat jij doet met mij
9%
Een beetje liefde
8%
Hallelujah, het is zomer
8%
Helden en Soldaten
8%
Het mooiste liedje ooit
8%
Hey Mister Deejay
8%
Ik sta je bij
8%
La la Later
8%
Liefde geeft je vleugels
8%
Stapelgek
8%
Wie zal ik een kusje geven
8%
Wie wordt straks mijn liefje
6%

Scoreverdeling

Percentiel versus Aantal Correcte Antwoorden

Procent van Mensen met Elke Score

Uw Scoregeschiedenis

U heeft deze quiz nog niet genomen sinds de laatste reset